[Event "Rishon Le Ziyyon-ch U18"]
[Site "Rishon Le Ziyyon"]
[Date "2023.03.28"]
[Round "1"]
[White "Levin, Guy"]
[Black "Pelech, Roee"]
[Result "1-0"]
[WhiteElo "2419"]
[BlackElo "1845"]
[PlyCount "75"]
[EventDate "2023.03.28"]
[EventType "swiss"]
[EventRounds "9"]
[EventCountry "ISR"]
[SourceTitle "CBM 213 Extra"]
[Source "ChessBase"]
[SourceDate "2023.05.31"]
[SourceVersion "1"]
[SourceVersionDate "2023.05.31"]
[SourceQuality "1"]

1. c4 c6 2. Nf3 Nf6 3. Nc3 d5 4. e3 e6 5. b3 Bd6 6. Bb2 Nbd7 7. Qc2 0-0 8. Rg1 e5 9. cxd5 cxd5 10. Nb5 Bb8 11. Rc1 e4 12. Nfd4 Bxh2 13. Rh1 Ng4 14. Be2 Nde5 15. Nf3 exf3 16. gxf3 Qh4 17. fxg4 Nxg4 18. Bxg4 Qxg4 19. Qc3 f6 20. Qd3 Rd8 21. Bxf6 Bf5 22. Qf1 Rac8 23. Nc3 gxf6 24. Rxh2 Kh8 25. d4 Be4 26. Kd2 Bf3 27. Qb5 Rc7 28. Nxd5 Rxc1 29. Rxh7+ Kxh7 30. Nxf6+ Kg6 31. Nxg4 Rd1+ 32. Kc3 Bxg4 33. Qxb7 Rd7 34. Qg2 Kh5 35. f3 Be6 36. f4 Rc1+ 37. Kb2 Rdc7 38. Qg5# 1-0

[Event "ISR-ch U16"]
[Site "HaKfar HaYarok"]
[Date "2021.03.22"]
[Round "4"]
[White "Pelech, Roee"]
[Black "Yaniv, Yuval"]
[Result "0-1"]
[WhiteElo "1757"]
[BlackElo "2272"]
[PlyCount "78"]
[EventDate "2021.03.19"]
[EventType "swiss"]
[EventRounds "9"]
[EventCountry "ISR"]
[SourceTitle "EXT 2022"]
[Source "ChessBase"]
[SourceDate "2021.10.06"]
[SourceVersion "1"]
[SourceVersionDate "2021.10.06"]
[SourceQuality "1"]

1. d4 Nf6 2. Nf3 e6 3. g3 b5 4. Bg2 Bb7 5. a4 b4 6. c4 c5 7. d5 exd5 8. Nh4 g6 9. cxd5 Bg7 10. 0-0 0-0 11. e4 d6 12. Ra2 c4 13. a5 Ba6 14. Re1 Nbd7 15. f4 Re8 16. Re3 Rb8 17. Qf3 Qc7 18. Nd2 Qc5 19. Bh3 Rbd8 20. Ng2 Qc7 21. Kh1 Nc5 22. g4 Nd3 23. Ra1 Nd7 24. Rxd3 cxd3 25. Ne1 Nc5 26. Bf1 f5 27. gxf5 gxf5 28. exf5 Rxe1 29. f6 Qf7 30. fxg7 Bb7 31. Kg1 Qxg7+ 32. Kf2 Rde8 33. Nc4 R8e2+ 34. Qxe2 dxe2 35. Kxe1 exf1Q+ 36. Kxf1 Bxd5 37. Ne3 Be4 38. Bd2 Nb3 39. Rd1 Bf3 0-1

[Event "EU Amateur-ch"]
[Site "Ruzomberok"]
[Date "2016.06.10"]
[Round "6"]
[White "Liska, Jaroslav"]
[Black "Pelech, Roee"]
[Result "1/2-1/2"]
[WhiteElo "1904"]
[BlackElo "1401"]
[PlyCount "130"]
[EventDate "2016.06.06"]
[EventType "swiss"]
[EventRounds "9"]
[EventCountry "SVK"]
[SourceTitle "CBM 172 Extra"]
[Source "ChessBase"]
[SourceDate "2016.06.21"]
[SourceVersion "1"]
[SourceVersionDate "2016.06.21"]
[SourceQuality "1"]

1. e4 c5 2. Nf3 e6 3. d4 cxd4 4. Nxd4 Nc6 5. Nxc6 bxc6 6. Bd3 Nf6 7. 0-0 Be7 8. e5 Nd5 9. Qg4 Bf8 10. Nd2 h5 11. Qf3 Qc7 12. Nc4 Nb4 13. Bf4 Nxd3 14. cxd3 Bb7 15. Qe2 c5 16. f3 Ba6 17. Rad1 Rb8 18. b3 Bb7 19. Bd2 d5 20. exd6 Bxd6 21. Nxd6+ Qxd6 22. Bc3 f6 23. Rfe1 Bc8 24. d4 Kf7 25. Qc4 cxd4 26. Rxd4 Qb6 27. Kh1 Rd8 28. Rde4 Rd6 29. Bd4 Qc6 30. Bxa7 Ra8 31. Bc5 Rd5 32. b4 Ba6 33. Qb3 Rb8 34. Qe3 Re8 35. h3 Rd3 36. Qf2 Bb5 37. Qc2 Rd5 38. Qb2 Qd7 39. Rd4 Qc6 40. Red1 Red8 41. Qf2 Rxd4 42. Rxd4 Rxd4 43. Qxd4 Qd5 44. Qxd5 exd5 45. Kg1 Ke6 46. Kf2 Ke5 47. Ke3 g5 48. Bd4+ Kf5 49. Bc3 Ke6 50. g3 f5 51. h4 f4+ 52. gxf4 gxh4 53. Kf2 Kf5 54. Be5 d4 55. Bxd4 Kxf4 56. Bf6 Bc6 57. Bxh4 Bxf3 58. b5 Bg4 59. a4 Bc8 60. a5 Ke5 61. Ke3 Kd5 62. Be7 Kc4 63. b6 Kb5 64. Kd4 Kxa5 65. Kc5 Bb7 1/2-1/2

[Event "EU Amateur-ch"]
[Site "Ruzomberok"]
[Date "2016.06.06"]
[Round "1"]
[White "Pelech, Roee"]
[Black "Feco, Jan"]
[Result "1-0"]
[WhiteElo "1401"]
[BlackElo "1803"]
[PlyCount "71"]
[EventDate "2016.06.06"]
[EventType "swiss"]
[EventRounds "9"]
[EventCountry "SVK"]
[SourceTitle "CBM 172 Extra"]
[Source "ChessBase"]
[SourceDate "2016.06.21"]
[SourceVersion "1"]
[SourceVersionDate "2016.06.21"]
[SourceQuality "1"]

1. e4 c5 2. Nf3 e6 3. d4 cxd4 4. Nxd4 a6 5. Nc3 Be7 6. Be3 Nc6 7. Qd2 Nf6 8. Be2 0-0 9. h4 d5 10. Nxc6 bxc6 11. exd5 exd5 12. h5 Re8 13. 0-0-0 Bg4 14. h6 Bxe2 15. Nxe2 Ne4 16. Qd3 Bg5 17. hxg7 Bxe3+ 18. Qxe3 Qg5 19. Qxg5 Nxg5 20. Nd4 Rac8 21. Rh6 Kxg7 22. Nf5+ Kf8 23. Nd6 Kg7 24. Rh2 Rcd8 25. Nxe8+ Rxe8 26. f4 Ne4 27. Re1 Re6 28. g4 Rd6 29. Rg2 h6 30. g5 hxg5 31. fxg5 c5 32. c4 Rg6 33. cxd5 Nd6 34. Kc2 Kf8 35. Kc3 f6 36. Re6 1-0